|
|
|
|
| LEADER |
01038ncm a22002532a 4500 |
| 001 |
001205174 |
| 003 |
CZ BrMZK |
| 005 |
20140527103930.0 |
| 007 |
qu |
| 008 |
120313s1980 xo |||||||||||||||||slo d |
| 040 |
|
|
|a BOA001
|b cze
|
| 072 |
|
7 |
|a 784
|x Vokální hudba
|2 Konspekt
|9 9
|
| 100 |
1 |
|
|a Frešo, Tibor,
|d 1918-1987
|7 jn20000601631
|4 cmp
|
| 245 |
1 |
0 |
|a Šesť pesničiek
|h [hudebnina] :
|b pre deti so sprievodom huslí : prázdné struny : partitúra /
|c Tibor Frešo ; slova Franrišek Hrubín ; slovenský text J. Krčméry-Vrteľová a A. Braxatorisová
|
| 250 |
|
|
|a 2. vyd.
|
| 260 |
|
|
|a Bratislava :
|b Slovenský hudobný fond,
|c 1980
|
| 300 |
|
|
|a 19 s.
|
| 700 |
1 |
|
|a Hrubín, František,
|d 1910-1971
|7 jk01042920
|4 lyr
|
| 700 |
1 |
|
|a Krčméry-Vrteľová, Jela,
|d 1924-2021
|7 pna2013741994
|4 trl
|
| 700 |
1 |
|
|a Braxatorisová, Alexandra,
|d 1937-2012
|7 xx0131583
|4 trl
|
| 910 |
|
|
|a BOA001
|b Mus4-0783.920-80
|
| 990 |
|
|
|a MU
|
| 991 |
|
|
|b 201204
|
| 996 |
6 |
|
|b 2619080456
|c Mus4-0783.920-80
|l MZK
|r Sklad / do 1 hodiny
|n 0
|w 001238755
|u 000010
|a 1
|e BOA001
|j MZK50
|s P
|